[Event "SVK-chT2C 2122"]
[Site "Slovakia"]
[Date "2022.04.30"]
[Round "10.6"]
[White "Onderco, Peter"]
[Black "Sevcik, Lubomir"]
[Result "1/2-1/2"]
[WhiteElo "1775"]
[BlackElo "1726"]
[PlyCount "79"]
[EventDate "2021.10.16"]
[EventType "team-tourn"]
[EventRounds "11"]
[EventCountry "SVK"]
[SourceTitle "EXT 2023"]
[Source "ChessBase"]
[SourceDate "2022.10.05"]
[SourceVersion "1"]
[SourceVersionDate "2022.10.05"]
[SourceQuality "1"]
[WhiteTeam "Dunajov III"]
[BlackTeam "Kysucke Nove Mesto"]
[WhiteTeamCountry "SVK"]
[BlackTeamCountry "SVK"]

1. e4 e5 2. Nf3 Nc6 3. Bc4 Nf6 4. Nc3 Nxe4 5. Bxf7+ Kxf7 6. Nxe4 Be7 7. 0-0 Rf8 8. d4 exd4 9. Neg5+ Kg8 10. Qd3 g6 11. h4 d5 12. Nxd4 Bf5 13. Nxf5 Rxf5 14. b3 Qd7 15. Bb2 Raf8 16. Nf3 Rf4 17. Rad1 Bxh4 18. Nxh4 Rxh4 19. Qxd5+ Qxd5 20. Rxd5 Re4 21. Rd7 Rf7 22. Rfd1 Re2 23. Rxf7 Kxf7 24. Rd7+ Re7 25. Rxe7+ Kxe7 26. a3 Ke6 27. f3 Kd5 28. Kf2 Ne5 29. c4+ Ke6 30. Ke3 c5 31. Bc3 b6 32. Ke4 Nc6 33. f4 h5 34. Kf3 Kf5 35. b4 cxb4 36. axb4 a6 37. b5 axb5 38. cxb5 Na7 39. Bd4 Nxb5 40. Bxb6 1/2-1/2

[Event "SVK-chT2C 2122"]
[Site "Slovakia"]
[Date "2022.02.12"]
[Round "7.7"]
[White "Sevcik, Lubomir"]
[Black "Piovar, Jaroslav"]
[Result "1/2-1/2"]
[WhiteElo "1718"]
[BlackElo "1597"]
[PlyCount "143"]
[EventDate "2021.10.16"]
[EventType "team-tourn"]
[EventRounds "11"]
[EventCountry "SVK"]
[SourceTitle "EXT 2023"]
[Source "ChessBase"]
[SourceDate "2022.10.05"]
[SourceVersion "1"]
[SourceVersionDate "2022.10.05"]
[SourceQuality "1"]
[WhiteTeam "Kysucke Nove Mesto"]
[BlackTeam "Zilina Mladost III"]
[WhiteTeamCountry "SVK"]
[BlackTeamCountry "SVK"]

1. d4 d5 2. c4 e6 3. Nc3 c5 4. cxd5 exd5 5. dxc5 d4 6. Ne4 Nc6 7. Nf3 Bxc5 8. Qa4 Bb4+ 9. Bd2 Bxd2+ 10. Nexd2 Nf6 11. Ne5 Bd7 12. Nxd7 Qxd7 13. Nb3 0-0 14. Rd1 Rad8 15. e3 Rfe8 16. Bb5 Qg4 17. Bxc6 bxc6 18. Qxc6 dxe3 19. Qf3 Qb4+ 20. Ke2 Rd2+ 21. Rxd2 exd2+ 22. Kd3 Rd8+ 23. Kc2 Ne4 24. Rd1 Rc8+ 25. Kb1 Qc4 26. a3 h6 27. Rh1 Qc2+ 28. Ka1 Rd8 29. Qd1 Qd3 30. Rf1 Rb8 31. f3 Nd6 32. Nxd2 Rd8 33. Nb3 Nc4 34. Qxd3 Rxd3 35. Rc1 Ne3 36. Rc8+ Kh7 37. Rc3 Rxc3 38. bxc3 Nxg2 39. c4 Nf4 40. Nd4 g5 41. Nb5 a6 42. Nc7 a5 43. Kb2 f5 44. Kc3 g4 45. Kd4 Kg6 46. Ke3 Kg5 47. fxg4 fxg4 48. Nd5 Ne6 49. Nc3 Kf5 50. Ne4 h5 51. a4 h4 52. c5 Ke5 53. c6 Kd5 54. Ng5 Nc7 55. Kf4 g3 56. h3 Kxc6 57. Kg4 g2 58. Nf3 Kc5 59. Kxh4 Kb4 60. Kg3 g1Q+ 61. Nxg1 Ne8 62. Kf4 Kxa4 63. Ke3 Kb3 64. Kd2 Kb2 65. Ne2 a4 66. Nc1 Kb1 67. h4 Nf6 68. Kd1 Kb2 69. Nd3+ Kb1 70. Nc1 Kb2 71. Nd3+ Kb1 72. Nc1 1/2-1/2

[Event "Drienica Saris op"]
[Site "Drienica"]
[Date "2020.08.13"]
[Round "7"]
[White "Sevcik, Lubomir"]
[Black "Sosovickova, Martina"]
[Result "1-0"]
[WhiteElo "1748"]
[BlackElo "1362"]
[PlyCount "49"]
[EventDate "2020.08.07"]
[EventType "swiss"]
[EventRounds "9"]
[EventCountry "SVK"]
[SourceTitle "CBM 197 Extra"]
[Source "ChessBase"]
[SourceDate "2020.09.30"]
[SourceVersion "1"]
[SourceVersionDate "2020.09.30"]
[SourceQuality "1"]

1. g3 e5 2. Bg2 d5 3. d3 Bf5 4. c4 c6 5. cxd5 cxd5 6. Qa4+ Nc6 7. Qb3 Nf6 8. Bd2 Qd7 9. Nf3 Bc5 10. 0-0 0-0 11. Nc3 e4 12. Ne1 Nd4 13. Qd1 Bh3 14. Bg5 Bxg2 15. Nxg2 exd3 16. Qxd3 Ng4 17. Ne3 Ne5 18. Qd1 Qh3 19. Ncxd5 Qh5 20. f4 Ng4 21. Bh4 Rad8 22. Nxg4 Rxd5 23. e3 Ne6 24. Qf3 Rd2 25. Nf6+ 1-0

[Event "Oravska Priehrada op"]
[Site "Oravska Priehrada"]
[Date "2016.08.27"]
[Round "2"]
[White "Sevcik, Lubomir"]
[Black "Hrnciar, Roman"]
[Result "0-1"]
[WhiteElo "1730"]
[BlackElo "2083"]
[PlyCount "70"]
[EventDate "2016.08.26"]
[EventType "swiss"]
[EventRounds "7"]
[EventCountry "SVK"]
[SourceTitle "CBM 174 Extra"]
[Source "ChessBase"]
[SourceDate "2016.10.10"]
[SourceVersion "1"]
[SourceVersionDate "2016.10.10"]
[SourceQuality "1"]

1. d4 d5 2. c4 e6 3. Nc3 Nf6 4. Bg5 Be7 5. Nf3 0-0 6. e3 Ne4 7. Bxe7 Qxe7 8. cxd5 Nxc3 9. bxc3 exd5 10. h3 c6 11. Rb1 Nd7 12. Bd3 f5 13. 0-0 Nf6 14. Ne5 Be6 15. Qb3 Rab8 16. Qb4 Qc7 17. Rb3 Nd7 18. Nf3 c5 19. dxc5 Nxc5 20. Nd4 Bd7 21. Bc2 Nxb3 22. Bxb3 f4 23. Bxd5+ Kh8 24. e4 f3 25. Nxf3 Rxf3 26. gxf3 Bxh3 27. Rb1 Qe5 28. f4 Qxf4 29. e5 Qxe5 30. Qe4 Qg5+ 31. Kh2 Bf5 32. Qe5 Qh5+ 33. Kg1 Re8 34. Be6 Qg4+ 35. Kh2 Bxb1 0-1

[Event "SVK-chT2C 1516"]
[Site "Slovakia"]
[Date "2016.03.12"]
[Round "10.8"]
[White "Sevcik, Lubomir"]
[Black "Turcan, Richard"]
[Result "1/2-1/2"]
[WhiteElo "1763"]
[BlackElo "1818"]
[PlyCount "94"]
[EventDate "2015.10.17"]
[EventType "team-tourn"]
[EventRounds "11"]
[EventCountry "SVK"]
[SourceTitle "EXT 2017"]
[Source "ChessBase"]
[SourceDate "2016.10.25"]
[SourceVersion "1"]
[SourceVersionDate "2016.10.25"]
[SourceQuality "1"]
[WhiteTeam "Kysucke Nove Mesto"]
[BlackTeam "Banska Bystrica Veza"]
[WhiteTeamCountry "SVK"]
[BlackTeamCountry "SVK"]

1. d4 Nf6 2. c4 g6 3. Nc3 Bg7 4. e4 d6 5. Nf3 0-0 6. Be2 c5 7. d5 Bg4 8. h3 Bxf3 9. Bxf3 Nbd7 10. 0-0 Nb6 11. Be2 Nfd7 12. Qc2 f5 13. exf5 Rxf5 14. Bg4 Rf8 15. Be6+ Kh8 16. b3 Ne5 17. f4 Nf7 18. Bb2 Nh6 19. g4 Ng8 20. g5 h6 21. Qxg6 Qe8 22. Qxe8 Raxe8 23. Rab1 Na8 24. Ne4 hxg5 25. Nxg5 Bxb2 26. Rxb2 Nh6 27. Re2 Nf5 28. Kh2 Nd4 29. Rg2 Rf6 30. Rg4 Nxe6 31. Rh4+ Kg8 32. Nxe6 Kf7 33. Rh7+ Kg8 34. Rg7+ Kh8 35. Rfg1 a6 36. R1g4 Rh6 37. Rf7 Rh7 38. Rf8+ Rxf8 39. Nxf8 Rf7 40. Ne6 b5 41. cxb5 axb5 42. a4 Nb6 43. a5 Nxd5 44. Rh4+ Kg8 45. Rg4+ Kh8 46. a6 Nb6 47. Rh4+ Kg8 1/2-1/2

[Event "SVK-chT2C 1516"]
[Site "Slovakia"]
[Date "2015.10.18"]
[Round "2.7"]
[White "Sevcik, Lubomir"]
[Black "Balala, Anton"]
[Result "0-1"]
[WhiteElo "1790"]
[BlackElo "1832"]
[PlyCount "68"]
[EventDate "2015.10.17"]
[EventType "team-tourn"]
[EventRounds "11"]
[EventCountry "SVK"]
[SourceTitle "CBM 169 Extra"]
[Source "ChessBase"]
[SourceDate "2015.12.18"]
[SourceVersion "1"]
[SourceVersionDate "2015.12.18"]
[SourceQuality "1"]
[WhiteTeam "Kysucke Nove Mesto"]
[BlackTeam "Liptovska Stiavnica"]
[WhiteTeamCountry "SVK"]
[BlackTeamCountry "SVK"]

1. d4 c5 2. d5 e5 3. e4 d6 4. Nf3 a6 5. h3 b5 6. Be3 g6 7. c4 Bd7 8. Be2 Bg7 9. Qc2 Ne7 10. 0-0 0-0 11. Bg5 f6 12. Bh4 g5 13. Bg3 Ng6 14. Nc3 b4 15. Nd1 f5 16. exf5 Bxf5 17. Bd3 Bxd3 18. Qxd3 Nf4 19. Qe4 Nd7 20. Qc2 Nxh3+ 21. gxh3 Rxf3 22. Qe4 Qf6 23. Ne3 h5 24. h4 g4 25. Kg2 Rf8 26. a3 Bh6 27. Nd1 Bf4 28. Bxf4 Rxf4 29. Qc2 e4 30. Rh1 Ne5 31. axb4 Nd3 32. Qc3 Rxf2+ 33. Kg1 Rf1+ 34. Kg2 Qf3+ 0-1

[Event "Zilina-ch"]
[Site "Zilina"]
[Date "2014.05.10"]
[Round "2"]
[White "Sevcik, Lubomir"]
[Black "Piovar, Jaroslav"]
[Result "1-0"]
[WhiteElo "1790"]
[BlackElo "1563"]
[PlyCount "69"]
[EventDate "2014.05.09"]
[EventType "swiss"]
[EventRounds "6"]
[EventCountry "SVK"]
[SourceTitle "CBM 160 Extra"]
[Source "ChessBase"]
[SourceDate "2014.07.01"]
[SourceVersion "1"]
[SourceVersionDate "2014.07.01"]
[SourceQuality "1"]

1. d4 d5 2. c4 e6 3. Nc3 c5 4. Nf3 Nc6 5. Bg5 Be7 6. Bxe7 Ngxe7 7. dxc5 d4 8. Nb5 0-0 9. Nfxd4 e5 10. Nb3 Bd7 11. Qd2 a6 12. Nd6 Qc7 13. e3 Rfd8 14. Qc2 f6 15. Bd3 g6 16. Qc3 a5 17. Nb5 Qb8 18. a3 Qc8 19. Nd6 Qc7 20. 0-0 a4 21. Nd2 Na5 22. N2e4 Kg7 23. f4 Nb3 24. fxe5 Nf5 25. exf6+ Kf8 26. f7 Ng7 27. Ng5 Be6 28. Nxh7+ Ke7 29. Qf6+ Kd7 30. Qxg7 Kc6 31. Be4+ Kxc5 32. Qe5+ Kb6 33. Qb5+ Ka7 34. Qxa4+ Na5 35. Nb5+ 1-0

[Event "Zilina op"]
[Site "Zilina"]
[Date "2013.08.31"]
[Round "4"]
[White "Sevcikova, Lucia"]
[Black "Sevcik, Lubomir"]
[Result "1/2-1/2"]
[WhiteElo "1049"]
[BlackElo "1784"]
[PlyCount "29"]
[EventDate "2013.08.29"]
[EventType "swiss"]
[EventRounds "7"]
[EventCountry "SVK"]
[SourceTitle "CBM 156 Extra"]
[Source "ChessBase"]
[SourceDate "2013.10.22"]
[SourceVersion "1"]
[SourceVersionDate "2013.10.22"]
[SourceQuality "1"]

1. e4 e5 2. Nf3 Nc6 3. Bc4 Bc5 4. c3 Nf6 5. d4 exd4 6. cxd4 Bb4+ 7. Bd2 Nxe4 8. Bxb4 Nxb4 9. Qb3 d5 10. Qxb4 dxc4 11. Qxc4 0-0 12. 0-0 Be6 13. Qd3 Nd6 14. Nbd2 Re8 15. Rfe1 1/2-1/2

[Event "Zilina op"]
[Site "Zilina"]
[Date "2013.08.29"]
[Round "1"]
[White "Sevcik, Lubomir"]
[Black "Mazur, Pavol"]
[Result "1-0"]
[WhiteElo "1784"]
[BlackElo "1051"]
[PlyCount "73"]
[EventDate "2013.08.29"]
[EventType "swiss"]
[EventRounds "7"]
[EventCountry "SVK"]
[SourceTitle "CBM 156 Extra"]
[Source "ChessBase"]
[SourceDate "2013.10.22"]
[SourceVersion "1"]
[SourceVersionDate "2013.10.22"]
[SourceQuality "1"]

1. d4 d5 2. c4 dxc4 3. e3 b5 4. Nc3 a6 5. a4 b4 6. Ne4 Qd5 7. Qf3 f5 8. Nc5 e6 9. Bxc4 Qxf3 10. Nxf3 Bxc5 11. dxc5 Nc6 12. Ng5 Nd8 13. a5 h6 14. Nf3 Nf6 15. Nd4 e5 16. Nf3 Nc6 17. b3 Ne4 18. Bd5 Bb7 19. Nxe5 Nxe5 20. Bxb7 Nd3+ 21. Ke2 Rd8 22. Bxe4 fxe4 23. Bd2 0-0 24. f3 Rf5 25. Rhd1 Rxc5 26. fxe4 Ne5 27. Rdc1 Nd7 28. Bxb4 Rb5 29. Ra4 c5 30. Ba3 Rxb3 31. Bxc5 Rc8 32. Rac4 Rb2+ 33. Kf1 Ne5 34. R4c3 Nc6 35. Ba3 Rf8+ 36. Bxf8 Kxf8 37. Rxc6 1-0

[Event "SVK-chT1E 1213"]
[Site "Slovakia"]
[Date "2013.02.24"]
[Round "9.1"]
[White "Sevcik, Lubomir"]
[Black "Tropp, Oliver"]
[Result "1-0"]
[WhiteElo "1757"]
[BlackElo "1978"]
[PlyCount "81"]
[EventDate "2012.10.20"]
[EventType "team-tourn"]
[EventRounds "11"]
[EventCountry "SVK"]
[SourceTitle "EXT 2015"]
[Source "ChessBase"]
[SourceDate "2014.11.20"]
[SourceVersion "1"]
[SourceVersionDate "2014.11.20"]
[SourceQuality "1"]
[WhiteTeam "Kysucke Nove Mesto"]
[BlackTeam "Kezmarok"]
[WhiteTeamCountry "SVK"]
[BlackTeamCountry "SVK"]

1. d4 d5 2. c4 c6 3. Nc3 g6 4. cxd5 cxd5 5. Nf3 Bg7 6. Bf4 Nf6 7. h3 0-0 8. e3 Qb6 9. b3 Bf5 10. Nd2 Qa5 11. Rc1 Rc8 12. Na4 Rxc1 13. Qxc1 Na6 14. Qc3 Qxc3 15. Nxc3 Rc8 16. Bxa6 Rxc3 17. Be2 Rc1+ 18. Bd1 Ra1 19. a4 Ne4 20. Nxe4 Bxe4 21. 0-0 Rb1 22. f3 Bd3 23. Be2 Rxf1+ 24. Kxf1 Bc2 25. a5 a6 26. b4 Ba4 27. Bc7 e5 28. dxe5 Bf8 29. Bd6 Bxd6 30. exd6 Bc6 31. e4 dxe4 32. fxe4 f6 33. Bg4 Kf7 34. Bc8 Bxe4 35. g3 Bd5 36. Kf2 Ke8 37. Ke3 Kd8 38. Kd4 Kxc8 39. Kxd5 Kd7 40. Kc5 g5 41. g4 1-0